000 00736nam a2200217 i 4500
001 78501
003 ES-MaACL
005 20250913063052.0
007 t|
008 041014s1972 sp ||||1| spa d
100 1 _aHaro Tecglen, Eduardo,
_d1924-2005
_961879
245 1 0 _aCrónica de un año
_b: voces para la historia (disco) /
_cEduardo Haro Tecglen ; guión, dirección y presentación, Rafael Taibo.
260 _a[Madrid] :
_bVideosistemas,
_c[1972]
300 _a119 p. ;
_c21 cm.
490 1 _aS.D.H. ;
_v2
650 0 4 _aHistoria contemporánea-
_yS.XX
_913396
700 1 _aTaibo, Rafael,
_d1935-
_9109077
830 0 _aS.D.H. ;
_v2
_9236388
852 _aES-MaACL
_jC-48982
_bR.83449
999 _c78501
_d78501